Single truth. (Record no. 14777)

000 -LEADER
fixed length control field 00557nam a2200193 a 4500
001 - CONTROL NUMBER
control field :::00012611$&:&@@
003 - CONTROL NUMBER IDENTIFIER
control field OkBaRHE
005 - DATE AND TIME OF LATEST TRANSACTION
control field 20000607103421.0
008 - FIXED-LENGTH DATA ELEMENTS--GENERAL INFORMATION
fixed length control field s1982 j 000 0 eng u
040 ## - CATALOGING SOURCE
Transcribing agency
100 1# - MAIN ENTRY--PERSONAL NAME
Personal name Lyons, Bob E.
245 10 - TITLE STATEMENT
Title Single truth.
260 ## - PUBLICATION, DISTRIBUTION, ETC. (IMPRINT)
Place of publication, distribution, etc Nashville, TN., :
Name of publisher, distributor, etc Pathway Press
Date of publication, distribution, etc c1982
300 ## - PHYSICAL DESCRIPTION
Extent 112 p. ;
Dimensions 21 cm.
650 ## - SUBJECT ADDED ENTRY--TOPICAL TERM
Topical term or geographic name as entry element Church Work with Single People
650 ## - SUBJECT ADDED ENTRY--TOPICAL TERM
Topical term or geographic name as entry element Single People
942 ## - ADDED ENTRY ELEMENTS (KOHA)
Source of classification or shelving scheme
Koha item type Books
Copies
Damaged status Date last seen Source of classification or shelving scheme Koha item type Shelving location Full call number Date acquired Lost status Price effective from Permanent Location Barcode Withdrawn status Not for loan Copy number
 2010-04-14 BooksGeneral StacksHQ 800 .L92010-04-14 2010-04-14RHEMA Bible Training College12611  1